| 000 | 00466cas a2200157 4500 | ||
|---|---|---|---|
| 008 | 130110n eng u | ||
| 022 | _a1821-6544 | ||
| 035 | _a(Sirsi) a177944 | ||
| 050 | _aP92.A4 | ||
| 245 | _aAfrican Communication Research | ||
| 260 |
_aMwanza _bSt Augustine University, Tanzania |
||
| 310 | _aIrregular | ||
| 362 | _aVol. 1, No. 2, 2008-Vol. 1, No. 2, 2008 | ||
| 520 | _aThis journal discusses ethics in journalism | ||
| 650 | _aNewsroom Ethics | ||
| 999 |
_c9474 _d9474 |
||